Promotion effect of a chlorotriazine derivative on the adhesion between rubber compounds and a brass-plated steel cord (Record no. 65946)

MARC details
000 -LEADER
fixed length control field 00557nam a2200181Ia 4500
100 ## - MAIN ENTRY--AUTHOR NAME
Personal name Jeon Gyung Soo
245 #0 - TITLE STATEMENT
Title Promotion effect of a chlorotriazine derivative on the adhesion between rubber compounds and a brass-plated steel cord
260 ## - PUBLICATION, DISTRIBUTION, ETC. (IMPRINT)
Name of publisher Journal of Adhesion Science and Technology
Year of publication 2001
300 ## - PHYSICAL DESCRIPTION
Number of Pages 689-701
650 ## - SUBJECT ADDED ENTRY--TOPICAL TERM
Topical Term Adheison interphase
650 ## - SUBJECT ADDED ENTRY--TOPICAL TERM
Topical Term AES
650 ## - SUBJECT ADDED ENTRY--TOPICAL TERM
Topical Term Depth profile
650 ## - SUBJECT ADDED ENTRY--TOPICAL TERM
Topical Term Promoter
650 ## - SUBJECT ADDED ENTRY--TOPICAL TERM
Topical Term Rubber-to-brass bonding
700 ## - ADDED ENTRY--PERSONAL NAME
Personal name Seo Gon
942 ## - ADDED ENTRY ELEMENTS (KOHA)
Koha item type Journals
Holdings
Withdrawn status Lost status Damaged status Not for loan Home library Current library Shelving location Date acquired Serial Enumeration / chronology Koha item type
      Journals RRII Library RRII Library Rubber chemistry 17/12/2021 Volume 15, Issue 6 Journals